BIBLIOTHÈQUE DE LA MAISON DU MEXIQUE

Logo 1 Logo 2

Oro gris (notice nᵒ 5026)

détails MARC
000 -Sello discográfico
campo de control de longitud fija 01043nam0a2200301 4500
005 - Identificación de versión
campo de control 20251016083950.0
010 ## - Número Estándar Internacional de Libros (ISBN)
Número (ISBN) 978-970-770-954-6
035 ## - Otros números de control del sistema
Número de control del sistema 33298
099 ## - fechas locales
Tipo de ítem Koha LIBRO
100 ## - Datos de procesamiento general
Datos de procesamiento general 20110919d20082007m y0spay5003 ba
105 ## - Campo de datos codificados: Material textual, monográfico
Datos codificados de monografía y 001zy
200 1# - Título y mención de responsabilidad
Título propio Oro gris
Designación general del material texto impreso
Otra información del título Zambrano, la gesta de Cemex y la globalización en México
Primer mención de responsabilidad Rossana Fuentes Berain
205 ## - Declaración de edición
Declaración de edición 2a ed
210 ## - Publicación, distribución, etc.
Lugar de publicación, distribución, etc. México
Nombre del editor, distribuidor, etc. Editorial Aguilar
-- Ediciones Raya en el Agua
Fecha de publicación, distribución, etc. 2008
215 ## - Descripción física
Designación de material específico y extensión del ítem 250 p
Dimensiones 23 cm
320 ## - Nota de índices/bibliografías internas
Texto de la nota Incluye bibliografía: p.241-244 e índice onomástico
345 ## - Nota de información de adquisición
Fuente de adquisición/dirección de la suscripción [OBSOLETO] Donación 'Salon du Livre 2009'
600 ## - Nombre personal usado como materia
Elemento de entrada Zambrano Treviño
Parte del nombre distinta del elemento de entrada Lorenzo H
Fechas 1945-
Número Koha 9818
601 ## - Nombre de entidad corporativa utilizado como temática
Elemento de entrada Cemex, S.A. de C.V.
Subdivisión temática Historia
Número Koha 9819
606 ## - Término temático usado como materia
Elemento de entrada Cemento
Subdivisión temática Industria y comercio
Subdivisión geográfica México
Número Koha 9820
700 ## - Nombre personal - Responsabilidad primaria
Elemento de entrada Fuentes Berain
Parte del nombre distinta del elemento de entrada Rossana
Número Koha 6240
801 #0 - Fuente de origen
País FR
Agencia cm
Reglas de catalogación (convenciones descriptivas) AFNOR
900 ## -
-- 1/20484
942 ## - ELEMENTOS DE ENTRADA SECUNDARIOS (KOHA)
Tipo de ítem Koha Livre
996 ## -
-- MEX
-- 751145101
-- MMAG
-- 000368
-- 338.64 F954O
-- 20110919LIV
Exemplaires
Estatus retirado Estado de daño Estado de pérdida Fecha de adquisición Biblioteca de origen Biblioteca actual Ubicación en estantería Código de barras Precio de reemplazo Signatura topográfica completa No para préstamo Tipo de ítem Koha Nota pública Nota no pública
      05/08/2025 Casa México Paris Casa México Paris   000368 05/08/2025 338.64 F954O   Livre 20110919LIV 751145101